Statistics for All Child's play movies

Click here to take the quiz!

General Stats

  • This quiz has been taken 57 times
  • The average score is 8 of 8

Answer Stats

HintAnswer% Correct
1 (1988)Child's play
100%
8 (2019)Child's play
100%
2 (1990)Child's play 2
100%
3 (1991)Child's play 3
100%
5 (2004)Seed of Chucky
95%
4 (1998)Bride of Chucky
93%
7 (2017)Cult of Chucky
93%
6 (2013)Curse of Chucky
90%

Score Distribution

Percentile by Number Answered

Percent of People with Each Score

Your Score History

You have not taken this quiz